Nomi, cose e città: capoluoghi di provincia italiani - Statistics

Statistiche generali
  • Questo quiz è stato fatto 307 volte
    212 dall'ultimo reset
  • Il punteggio medio è 16 su 17
Statistiche sulle risposte
Hint Risposta % Corretto
A Agrigento|Alessandria|Ancona|Andria|Aosta|Arezzo|Ascoli Piceno|Asti|Avellino
99%
B Bari|Barletta|Belluno|Benevento|Bergamo|Biella|Bologna|Bolzano|Brescia|Brindisi
99%
C Cagliari|Caltanissetta|Campobasso|Carbonia|Carrara|Caserta|Catania|Catanzaro|Cesena|Chieti|Como|Cosenza|Cremona|Crotone|Cuneo
99%
F Fermo|Ferrara|Firenze|Foggia|Forlì|Frosinone
99%
V Varese|Venezia|Verbania|Vercelli|Verona|Vibo Valentia|Vicenza|Viterbo
99%
L L’Aquila|La Spezia|Latina|Lecce|Lecco|Livorno|Lodi|Lucca
98%
M Macerata|Mantova|Massa|Matera|Messina|Milano|Modena|Monza
98%
P Padova|Palermo|Parma|Pavia|Perugia|Pesaro|Pescara|Piacenza|Pisa|Pistoia|Pordenone|Potenza|Prato
98%
R Ragusa|Ravenna|Reggio Calabria|Reggio Emilia|Rieti|Rimini|Roma|Rovigo
98%
T Taranto|Tempio Pausania|Teramo|Terni|Torino|Trani|Trapani|Trento|Treviso|Trieste
98%
G Genova|Gorizia|Grosseto
97%
N Napoli|Novara|Nuoro
97%
S Salerno|Sassari|Savona|Siena|Siracusa|Sondrio
97%
U Udine|Urbino
94%
I Imperia|Isernia
90%
O Olbia|Oristano
88%
E Enna
84%
Nessun quiz corrispondente trovato
Distribuzione punteggi
Percentuale di utenti per punteggio
Percentile per numero di risposta
I tuoi punteggi nel tempo
Non hai fatto questo quiz dall'ultimo reset